Vista normal
Vista MARC
Entrada Personal Name
Número de registros utilizados en: 2
001 - CONTROL NUMBER
- control field: 4043
003 - CONTROL NUMBER IDENTIFIER
- control field: DLC
005 - DATE AND TIME OF LATEST TRANSACTION
- control field: 20250221103523.0
008 - FIXED-LENGTH DATA ELEMENTS
- fixed length control field: 170405 a|ac|n|aab||||||||||||a |n|||||||
010 ## - LIBRARY OF CONGRESS CONTROL NUMBER
- LC control number: 82151486
040 ## - CATALOGING SOURCE
- Original cataloging agency: DLC
- Language of cataloging: spa
- Description conventions: rda
- Transcribing agency: Mx-PuUPA
- Modifying agency: DLC
- Modifying agency: Mx-PuUPA
046 ## - SPECIAL CODED DATES
- Birth date: 19320604
- Death date: 20080103
- Source of date scheme: edtf
100 1# - HEADING--PERSONAL NAME
- Personal name: Otero, Lisandro,
- Dates associated with a name: 1932-2008
370 ## - ASSOCIATED PLACE
- Place of birth: Havana (Cuba)
- Source of term: naf
373 ## - ASSOCIATED GROUP
- Associated group: Universidad de La Habana
- Associated group: Academia Cubana de la Lengua
- Associated group: Real Academia Española
- Associated group: Academia Norteamericana de la Lengua Española
- Source of term: naf
374 ## - OCCUPATION
- Occupation: Profesor
374 ## - OCCUPATION
- Occupation: Autor
- Occupation: Periodísta
375 ## - GENDER
- Gender: Hombre
- Start period: 1932-
377 ## - ASSOCIATED LANGUAGE
- Language code: spa
- Source of code: MARC code list for languages
400 1# - SEE FROM TRACING--PERSONAL NAME
- Personal name: González, Lisandro Otero,
- Dates associated with a name: 1932-2008
400 1# - SEE FROM TRACING--PERSONAL NAME
- Personal name: Otero González, Lisandro,
- Dates associated with a name: 1932-2008
670 ## - SOURCE DATA FOUND
- Source citation: Author’s Cuba: Z. D. A., 1960
670 ## - SOURCE DATA FOUND
- Source citation: La utopia cubana desde adentro :adonde va Cuba hoy? ; 1993:
- Information found: title page (Lisandro Otero)
670 ## - SOURCE DATA FOUND
- Source citation: Biblioteca del congreso (Estados Unidos), 12 octubre 2017:
- Information found: catálogo electrónico
- Uniform Resource Identifier: https://goo.gl/wosxAY